000 00392nam a22001697a 4500
005 20160614110616.0
008 160614b xxu||||| |||| 00| 0 eng d
020 _a81-900547-9-1
041 _aeng
082 _b7354
100 _aBatra, Promod/Vijay
_91858
245 _aService Sustomer
260 _bFather, son & Co.
_c2004
300 _a129
650 _aManagement
_9241
942 _cBK
999 _c2609
_d2608